Airbus A350 Operators - Statistics

General Stats
  • This quiz has been taken 475 times
    471 since last reset
  • The average score is 18 of 33
Answer Stats
Answer % Correct
British Airways
87%
Delta Airlines
87%
Lufthansa
84%
Air China
82%
Air France
82%
Qatar Airways
80%
Japan Airlines
73%
Iberia
70%
Singapore Airlines
70%
China Southern
69%
China Eastern
68%
Aeroflot
66%
LATAM
66%
Cathay Pacific
63%
Ethiopian Airlines
58%
Scandinavian Airlines
58%
Finnair
57%
China Airlines
56%
Thai Airways
52%
Asiana Airlines
51%
Virgin Atlantic
51%
Vietnam Airlines
49%
Malaysia Airlines
47%
Philippine Airlines
39%
Air Mauritius
38%
Hainan Airlines
36%
South African Airways
36%
French Bee
35%
Air Caraibes
32%
Fiji Airways
31%
Hong Kong Airlines
30%
Sichuan Airlines
24%
Evelop Airlines
14%
No matching quizzes found
Score Distribution
Percent of People with Each Score
Percentile by Number Answered
Your Score History
You have not taken this quiz since the last reset